000 00214nam a22000857a 4500
008 161228b xxu||||| |||| 00| 0 eng d
100 _92221
_aGupta.S.P
245 _aWork Book SST Civics-6
260 _aNew Delhi
_bAPC
_c2010
999 _c5109
_d5109